000 00561nam a22001815i 4500
001 53524
003 ES-MaACL
005 20230906162801.0
007 t|
008 951002s1889 fr ||||1| fre d
040 _aCAM
_bspa
_cCAM
111 2 _aExposición Universal (
_d1889.
_cParís)
_9135154
245 1 0 _aExposition de 1889
_b: Guide bleu du Figaro et du Petit Journal.
260 _aParis :
_b[s.n.,
_c1889?]
300 _a288, [16] p., [5] h. de plan. pleg.
611 2 _aExposición Universal.
_d1889.
_cParís)
_9135154
852 _aES-MaACL
_jG-3957
999 _c53524
_d53524